Statistics for 50 South American Cities by a Clue

Click here to take the quiz!

General Stats

  • This quiz has been taken 43 times
  • The average score is 25 of 50

Answer Stats

ClueCity% Correct
Pablo Escobar once ran this city's cartelMedellín
100%
Home to the famous Christ the Redeemer statusRio de Janeiro
97%
Highest national capital in the worldLa Paz
95%
Closest world capital to the EquatorQuito
92%
Capital of the Incan EmpireCuzco
89%
Site of all the matches played at the 1930 FIFA World CupMontevideo
82%
Many of its landmarks was designed by Oscar NiemeyerBrasília
79%
Capital of the French GuianaCayenne
79%
Most populous in EcuadorGuayaquil
79%
Hometown of ShakiraBarranquilla
76%
Where Adolf Eichmann was apprehended in 1960Buenos Aires
76%
Was founded by Francisco Pizarro on 6 January 1535Lima
76%
Its name literally means "assumption" in SpanishAsunción
74%
Sits at the entrance of a major "lake" in VenezuelaMaracaibo
74%
Easternmost major city in Latin AmericaRecife
71%
Most populous city in BoliviaSanta Cruz
71%
Located at the confluence of the Amazon River and Rio NegroManaus
68%
Anton de Kom University is the only university in this national capitalParamaribo
63%
It may be DR's capital, but it also is Ecuador's fourth-largest citySanto Domingo
63%
Capital of the Falkland IslandsStanley
63%
Hometown of Lionel MessiRosario
61%
Was the first capital of Colonial BrazilSalvador
58%
Hometown of Ayrton SennaSão Paulo
58%
Most of Argentina's wines come from this cityMendoza
55%
Bolivian city on Lake Titicaca with the namesake of a famous beach in BrazilCopacabana
53%
Colorful Colombian seaport that is a UNESCO World Heritage SiteCartagena
50%
Guyana's third-largest city or a former Dutch colony in North AmericaNew Amsterdam
50%
This Venezuelan state capital was named after the nation's founding fatherCiudad Bolívar
47%
Closest Brazilian state capital to AfricaNatal
47%
This city's unfinished skyscraper of Tower of David, was once home to 2,500 squattersCaracas
45%
The southernmost city in South AmericaUshuaia
42%
Home to the first university in ArgentinaCórdoba
39%
Venezuelan state capital with the world's highest cable car – also the princess in "Brave"Mérida
32%
Largest Chilean city that once was in the hands of BoliviaAntofagasta
29%
Type in "Vineyard of the Sea" in Spanish to get this Chilean city's nameViña del Mar
26%
El Dorado International Airport mainly serves this cityBogotá
24%
Capital nicknamed "Garden City of the Caribbean" – even though it does not lie on itGeorgetown
21%
Most populous city in Peru's part of the Amazon rainforestIquitos
18%
Called the "Brazilian Silicon Valley" – for its concentration of high-tech industriesCampinas
16%
Second-biggest city in ParaguayCiudad del Este
13%
Paraíba's capital and largest city that is home to the easternmost point in the AmericasJoão Pessoa
13%
This city has the busiest container port in Brazil, and perhaps in Latin America as wellSantos
13%
Capital of Espírito Santo, BrazilVitória
13%
This city in Bolivia was the first in South America to be home to 100,000 peoplePotosí
11%
This city on the Uruguay River faces the Argentine city of Concordia to the westSalto
11%
This Argentinian provincial capital had a massive flood in 2003Santa Fe
11%
This city has the lowest number of favelas among Brazilian metropolisesGoiânia
8%
Where an assembly met and declared Argentina's independence in 1816San Miguel
de Tucumán
8%
Capital of the Galápagos IslandsPuerto Baquerizo
Moreno
5%
This major Chilean city was the most damaged in the Great Chilean EarthquakeValdivia
5%

Score Distribution

Percentile by Number Answered

Percent of People with Each Score

Your Score History

You have not taken this quiz